00473nam a2200133 450000500170000002000180001708200170003510000300005224500410008226000260012330000090014952001300015865000510028820251122150656.0 a9789552316913 a581.076bKUR aKuruppuarachchi, K.A.J.M. aPractical Botany: laboratory manual/ aNawala:bOUSL,c2018. a88p. abasic laboratory tools and techniques, identifications of macro-molecules, practical skills in plant diversity & microbiology amicrobiology, plant diversity, macro-molecules